| 000 | 00564nam a2200193Ia 4500 | ||
|---|---|---|---|
| 003 | GCL | ||
| 008 | 140319s9999 xx 000 0 ara d | ||
| 040 |
_aGCL / _cGCL |
||
| 082 | 0 | 4 |
_a398.234 _bم ح |
| 100 | 1 | _aمحمد العزب موسى | |
| 245 | 1 | 0 |
_aحضارات مفقودة / _cمحمد العزب موسى |
| 260 |
_a[S.N] : _bالدار المصرية اللبنانية ، _c1992 |
||
| 300 | _a158 | ||
| 490 | _a | ||
| 650 | 0 | 4 | _aالمآذن |
| 650 | 0 | 4 | _aالحضارة القديمة |
| 650 | 0 | 4 | _aالمدن المندثرة |
| 942 |
_2ddc _cBK |
||
| 999 |
_c30231 _d30231 |
||